1020 1186 1581 1588 1753 1809 1170 1397 1831 1976 1125 1721 1606 1538 1566 1148 1159 1319 1003 1671 1562 1349 1684 1293 1613 1052 1401 1877 1761 1473 1154 1915 1957 1055 1140 1717 1205 1434 1813 1404 1997 1164 1229 1403 1455 1318 1499 1925 1465 1416 1705 1308 1199 1801 1470 1438 1661 1864 1642 1880 1144 1708 1430 1098 1611 1501 1648 1226 1552 1859 1231 1489 1898 1782 1621 1638 1860 1408 1978 1185 1021 1904 1496 1516 1157 1070 1670 1281 1914 1108 1725 1300 1091 1875 1216 1656 1746 1907 1691 BCNSPRNW ULIB Ver.6.0+V

เปลี่ยนเป็นภาษาไทย

Change to English
 แสดงรายละเอียดบรรณานุกรม
  กลับหน้าหลัก

Brief Record : Get Marc (ISO 2709) : E-mail record : QR code < ปิดหน้าต่าง
LEADER : 00000nam a2200000Ia 4500
001    13399125446
003     ULIB
008    160728s2559 th a 000 0 tha d
020    ^a9786161128760
040    ^abrv
060 04 ^aWA100^bน135ก
100 0  ^aนงณภัทร รุ่งเนย
245 10 ^aการประเมินสุขภาพแบบองค์รวม =^bHealth assessment : a holisticapproach /^cนงณภัทร รุ่งเนย
246 31 ^aHealth assessment : a holistic approach
250    ^aพิมพ์ครั้งที่ 1
260    ^aนนทบุรี :^bโครงการสวัสดิการวิชาการ สถาบันพระบรมราชชนกกระทรวงสาธารณสุข,^c2559
300    ^a207 หน้า :^bภาพประกอบ ;^c26 ซม.
650  4 ^aการประเมินทางการพยาบาล
650  4 ^aภาวะสุขภาพ
650  4 ^aอนามัย
653    ^aการประเมินสุขภาพทางการแพทย์
945    ^p230^l0^i25035
945    ^p230^l0^i25036
945    ^p230^l0^i25037
945    ^p230^l0^i25038
945    ^p230^l0^i25039
945    ^p230^l0^i25082
945    ^p230^l0^i25083
945    ^p230^l0^i25084
945    ^p230^l0^i25085
945    ^p230^l0^i25086
995    ^aกัณชพร
999    ^aกัณชพร
รายการนี้ยังไม่มีแท็ก
คุณยังไม่ได้ล็อกอิน คุณสามารถมีกิจกรรมร่วมกับเว็บไซต์ได้ แต่ต้องล็อกอินก่อน ::
  ล็อกอิน

รายการสื่อสารสนเทศ

ลำดับที่ ประเภท เลขเรียก/บาร์โค้ด สถานที่ สถานะ
1. วิทยาศาสตร์การแพทย์ และสุขภาพ
วิทยาศาสตร์การแพทย์ และสุขภาพ
สถานะ=หนังสือเก่า
WA100 น135ก ฉ.1 
  Barcode: 25035
ห้องสมุดวิทยาเขตนครสวรรค์
►ส่วนจัดเก็บหนังสือเก่า นว.
บนชั้น
  ขอยืม
2. วิทยาศาสตร์การแพทย์ และสุขภาพ
วิทยาศาสตร์การแพทย์ และสุขภาพ
สถานะ=หนังสือเก่า
WA100 น135ก ฉ.10 
  Barcode: 25086
ห้องสมุดวิทยาเขตนครสวรรค์
►ส่วนจัดเก็บหนังสือเก่า นว.
บนชั้น
  ขอยืม
3. วิทยาศาสตร์การแพทย์ และสุขภาพ
วิทยาศาสตร์การแพทย์ และสุขภาพ
สถานะ=หนังสือเก่า
WA100 น135ก ฉ.2 
  Barcode: 25036
ห้องสมุดวิทยาเขตนครสวรรค์
►ส่วนจัดเก็บหนังสือเก่า นว.
บนชั้น
  ขอยืม
4. วิทยาศาสตร์การแพทย์ และสุขภาพ
วิทยาศาสตร์การแพทย์ และสุขภาพ
สถานะ=หนังสือเก่า
WA100 น135ก ฉ.3 
  Barcode: 25037
ห้องสมุดวิทยาเขตนครสวรรค์
►ส่วนจัดเก็บหนังสือเก่า นว.
บนชั้น
  ขอยืม
5. วิทยาศาสตร์การแพทย์ และสุขภาพ
วิทยาศาสตร์การแพทย์ และสุขภาพ
สถานะ=หนังสือเก่า
WA100 น135ก ฉ.4 
  Barcode: 25038
ห้องสมุดวิทยาเขตนครสวรรค์
►ส่วนจัดเก็บหนังสือเก่า นว.
บนชั้น
  ขอยืม
6. วิทยาศาสตร์การแพทย์ และสุขภาพ
วิทยาศาสตร์การแพทย์ และสุขภาพ
สถานะ=หนังสือเก่า
WA100 น135ก ฉ.5 
  Barcode: 25039
ห้องสมุดวิทยาเขตนครสวรรค์
►ส่วนจัดเก็บหนังสือเก่า นว.
บนชั้น
  ขอยืม
7. วิทยาศาสตร์การแพทย์ และสุขภาพ
วิทยาศาสตร์การแพทย์ และสุขภาพ
สถานะ=หนังสือเก่า
WA100 น135ก ฉ.6 
  Barcode: 25082
ห้องสมุดวิทยาเขตนครสวรรค์
►ส่วนจัดเก็บหนังสือเก่า นว.
บนชั้น
  ขอยืม
8. วิทยาศาสตร์การแพทย์ และสุขภาพ
วิทยาศาสตร์การแพทย์ และสุขภาพ
สถานะ=หนังสือเก่า
WA100 น135ก ฉ.7 
  Barcode: 25083
ห้องสมุดวิทยาเขตนครสวรรค์
►ส่วนจัดเก็บหนังสือเก่า นว.
บนชั้น
  ขอยืม
9. วิทยาศาสตร์การแพทย์ และสุขภาพ
วิทยาศาสตร์การแพทย์ และสุขภาพ
สถานะ=หนังสือเก่า
WA100 น135ก ฉ.8 
  Barcode: 25084
ห้องสมุดวิทยาเขตนครสวรรค์
►ส่วนจัดเก็บหนังสือเก่า นว.
บนชั้น
  ขอยืม
10. วิทยาศาสตร์การแพทย์ และสุขภาพ
วิทยาศาสตร์การแพทย์ และสุขภาพ
สถานะ=หนังสือเก่า
WA100 น135ก ฉ.9 
  Barcode: 25085
ห้องสมุดวิทยาเขตนครสวรรค์
►ส่วนจัดเก็บหนังสือเก่า นว.
บนชั้น
  ขอยืม

รายการใกล้เคียง
    ผู้แต่ง [นงณภัทร รุ่งเนย]

    หัวเรื่อง [การประเมินทางการพยาบาล]
    หัวเรื่อง [ภาวะสุขภาพ]
    หัวเรื่อง [อนามัย]

BibComment


ยังไม่เคยถูกคอมเมนท์

คอมเมนท์ทรัพยากรรายการนี้
  คอมเมนท์: การประเมินสุขภาพ..


 Copyright 2026. Bcnsprnw @Library